Diskutierte Verschiedenheit
| Main Author: | |
|---|---|
| Format: | Print Article |
| Language: | German |
| Check availability: | HBZ Gateway |
| Interlibrary Loan: | Interlibrary Loan for the Fachinformationsdienste (Specialized Information Services in Germany) |
| Published: |
1991
|
| In: |
Beiträge zum Gespräch zwischen Christen und Muslimen
Year: 1991, Pages: 124-125 |
| Further subjects: | B
Dialogue
B Islam B Symposium / Tagungsbericht B Christianity B symposium / proceeding |
MARC
| LEADER | 00000caa a22000002c 4500 | ||
|---|---|---|---|
| 001 | 597074615 | ||
| 003 | DE-627 | ||
| 005 | 20221017165512.0 | ||
| 007 | tu | ||
| 008 | 090404s1991 xx ||||| 00| ||ger c | ||
| 035 | |a (DE-627)597074615 | ||
| 035 | |a (DE-599)GBV597074615 | ||
| 040 | |a DE-627 |b ger |c DE-627 |e rakwb | ||
| 041 | |a ger | ||
| 084 | |a 0 |2 ssgn | ||
| 100 | 1 | |a Klautke, Heinz |4 aut | |
| 245 | 1 | 0 | |a Diskutierte Verschiedenheit |c Heinz Klautke |
| 264 | 1 | |c 1991 | |
| 336 | |a Text |b txt |2 rdacontent | ||
| 337 | |a ohne Hilfsmittel zu benutzen |b n |2 rdamedia | ||
| 338 | |a Band |b nc |2 rdacarrier | ||
| 601 | |a Verschiedenheit | ||
| 650 | 4 | |a Dialog | |
| 650 | 4 | |a Christentum | |
| 650 | 4 | |a Islam | |
| 650 | 4 | |a Symposium/Tagungsbericht | |
| 650 | 4 | |a Dialogue | |
| 650 | 4 | |a Christianity | |
| 650 | 4 | |a symposium/proceeding | |
| 773 | 0 | 8 | |i In |t Beiträge zum Gespräch zwischen Christen und Muslimen |d Frankfurt, M. : CIBEDO, 1987 |g 5 (1991), S. 124-125 |w (DE-627)165814799 |w (DE-600)19932-1 |w (DE-576)017931622 |x 0932-3945 |7 nnas |
| 773 | 1 | 8 | |g year:1991 |g pages:124-125 |
| 951 | |a AR | ||
| ELC | |b 1 | ||
| ITA | |a 1 |t 1 | ||
| ORI | |a SA-MARC-ixtheo_oa001.raw | ||
| REL | |a 1 | ||
| STA | 0 | 0 | |a Christianity,Christian world view,World view,Christian ideology,Dialogue,Dialogue,Dialogue,Dialog,Dialogue,Islam,Islam |
| STB | 0 | 0 | |a Christianisme,Christianisme,Dialogue,Dialogue,Dialogue,Dialogue,Islam,Islam |
| STC | 0 | 0 | |a Cristianismo,Cristianismo,Cristiandad,Cristiandad,Cristiandad (Motivo),Cristiandad,Diálogo,Diálogo,Diálogo,Diálogo,Islam,Islam |
| STD | 0 | 0 | |a Cristianesimo,Cristianesimo,Dialogo,Dialogo,Dialogo,Dialogo,Islam,Islam |
| STE | 0 | 0 | |a 伊斯兰教,伊斯兰教,回教,回教,基督教,基督教,基督教世界观,对话,对话 |
| STF | 0 | 0 | |a 伊斯蘭教,伊斯蘭教,回教,回教,基督教,基督教,基督教世界觀,對話,對話 |
| STG | 0 | 0 | |a Cristianismo,Cristianismo,Cristandade,Cristandade,Cristandade (Motivo),Cristandade,Diálogo,Diálogo,Diálogo,Diálogo,Islã,Islã |
| STH | 0 | 0 | |a Диалог (мотив),Диалог (музыка),Диалог (литературный жанр),Диалог,Ислам (мотив),Ислам,Христианство (мотив),Христианство |
| STI | 0 | 0 | |a Διάλογος (μοτίβο),Διάλογος (μουσική),Διάλογος (λογοτεχνικό είδος),Διάλογος,Ισλάμ (μοτίβο),Ισλάμ,Χριστιανισμός (μοτίβο),Χριστιανισμός |
| SUB | |a REL | ||
| SYE | 0 | 0 | |a Mittelstandskongress,Kongress für den Mittelstand,Dialogue , Dialogliteratur,Zwiegespräch,Dialoge,Dialogue,Wechselrede , Christianity,Christliche Mission,Missionierung,Christenheit,Christianitas,Christliche Religion,Christliche Weltanschauung , Islam |



